| 000 | 00415nam a2200157Ia 4500 | ||
|---|---|---|---|
| 003 | GCL | ||
| 008 | 140319s9999 xx 000 0 eng d | ||
| 040 |
_aGCL / _cGCL |
||
| 082 | 0 | 4 |
_a780.72973 _bM C |
| 100 | 1 | _aMARK, MICHAEL L | |
| 245 | 1 | 0 |
_aCONTEMPORARY MUSIC EDUCATION / _cMARK, MICHAEL L |
| 260 |
_a[S.N] : _bSHIRMER BOOKS ، _c1986 |
||
| 300 | _a368 | ||
| 650 | 0 | 4 | _aSCHOOL MUSIC INSTRUCTION |
| 942 |
_2ddc _cBK |
||
| 999 |
_c17349 _d17349 |
||